Les Grandes Surfaces Spécialisées en France - Statistiques

Statistiques générales
  • Ce quiz a été pris 122 fois
    33 depuis la dernière actualisation
  • Le résultat moyen est 28 sur 77
Statistiques - réponses
Initiales Création BRICOLAGE % Correct
Surgelés P 1958 Picard
83%
Sport D 1976 Décathlon
77%
Vêtements et chaussures H&M 1947 H&M
77%
Mobilier I 1943 Ikea
77%
Culture C 1998 Cultura
73%
Jouets KJ 1988 King Jouet
73%
Cuisines C 1992 Cuisinella
70%
Culture F 1954 Fnac
70%
Jardinerie J 1973 Jardiland
70%
Bricolage LM 1923 Leroy-Merlin
70%
Sport I 1970 Intersport
67%
Jouets LGR 1977 La Grande Récré
67%
Bas prix alimentaires L 1930 Lidl
67%
Bas prix alimentaires A 1947 Aldi
60%
Bricolage BD 1993 Brico-Dépôt
60%
Electroménager D 1957 Darty
60%
Bas prix A 1993 Action
57%
Bricolage C 1969 Castorama
57%
Vêtements et chaussures K 1978 Kiabi
57%
Vêtements et chaussures LH 1981 La Halle
57%
Bas prix alimentaires N 1991 Netto
57%
Fournitures de bureau BV 1990 Bureau Vallée
53%
Electroménager ED 2000 Electro Dépôt
53%
Sport GS 1979 Go Sport
53%
Bas prix alimentaires LP 1986 Leader Priice
53%
Cosmétiques S 1973 Sephora
53%
Electroménager B 1954 Boulanger
50%
Mobilier B 1972 But
50%
Mobilier C 1967 Conforama
50%
Bas prix G 1981 Gifi
50%
Entretien automobile N 1970 Norauto
43%
Sport S 2 1966 Sport 2000
43%
Jouets J 1957 Jouéclub
40%
Surgelés T 1902 Thiriet
40%
Entretien automobile FV 1972 Feu vert
37%
Cosmétiques M 1984 Marionnaud
37%
Cuisines M 1942 Mobalpa
37%
Cosmétiques N 1984 Nocibé
37%
Mobilier MDM 1996 Maisons du Monde
33%
Entretien automobile M 1956 Midas
33%
Mobilier A 1988 Alinea
30%
Bricolage B 1979 Bricomarché
30%
Jardinerie GV 1977 Gamm Vert
30%
Vêtements et chaussures G 1991 Gemo
30%
Entretien automobile S 1978 Speedy
30%
Bas prix LFF 1975 La Foir'Fouille
27%
Bricolage MB 1965 Mr Bricolage
27%
Bricolage W 1999 Weldom
27%
Cuisines I 1971 Ixina
23%
Jardinerie PV 1973 Point Vert
23%
Vêtements et chaussures C 1976 Celio
20%
Mobilier F 1988 Fly
20%
Bas prix S 1961 Stokomani
20%
Achat et revente E 2001 Easycash
17%
Bas prix N 1992 Noz
17%
Fournitures de bureau OD 1986 Office Dépôt
17%
Fournitures de bureau TO 1996 Top Office
17%
Bricolage B 1979 Bricoman
13%
Achat et revente CC 1984 Cash Converters
13%
Vente en drive C 2004 Chronodrive
13%
Culture FDN 1936 Furet du Nord
13%
Achat et revente HC 1997 Happy Cash
13%
Animalerie T&C 1991 Tom & Co
13%
Bas prix C 1991 Centrakor
10%
Cuisines CS 1934 Cuisine Schmidt
10%
Jouets O 1989 Oxybul
10%
Mobilier PI 1962 Pier Import
10%
Mobilier SM 1963 Saint-Maclou
10%
Cuisines SC 2007 SoCoo'c
10%
Cuisines AB 1927 Arthur Bonnet
7%
Bas prix alimentaires C 1965 Colruyt
7%
Vêtements et chaussures C 1980 Courir
7%
Cuisines CP 1984 Cuisine Plus
7%
Cuisines E 2005 Ecocuisine
7%
Animalerie JMT LRDA 1988 JMT Le Royaume des Animaux
7%
Bas prix MAA 2004 Marché aux Affaires
7%
Jouets PWT 1977 SmythsToys
3%
Aucun quiz correspondant
Distribution des résultats
% des personnes avec chaque résultat
Percentile par nombre de réponses
Votre historique - résultats
Vous n’avez pas pris ce quiz depuis la dernière actualisation